KOHA-Header-6

World Famous Personalities (Record no. 9008)

000 -LEADER
fixed length control field 00267nam a2200109Ia 4500
100 ## - MAIN ENTRY--AUTHOR NAME
Personal name Roopa Gosain
245 #0 - TITLE STATEMENT
Title World Famous Personalities
260 ## - PUBLICATION, DISTRIBUTION, ETC. (IMPRINT)
Place of publication Karachi
Name of publisher Meyari Matbooaat
Year of publication 1994
300 ## - PHYSICAL DESCRIPTION
Number of Pages 484
942 ## - ADDED ENTRY ELEMENTS (KOHA)
Koha item type Books
Holdings
Withdrawn status Lost status Collection code Permanent Location Current Location Shelving location Date acquired Full call number Accession Number Koha item type
    English Literature MAJU MAJU Shelf No.A13 2019-09-14 920.02 4278 English Literature

Powered by Koha